Socio-Cultural problems of indigenous children at primary school level in Godagari Upazila, Bangladesh / (Record no. 82340)
[ view plain ]
| 000 -LEADER | |
|---|---|
| fixed length control field | 00990nam a22002417a 4500 |
| 001 - CONTROL NUMBER | |
| RUCL Control Number | 82340 |
| 003 - CONTROL NUMBER IDENTIFIER | |
| rucl marc code | BD-RjUL |
| 005 - DATE AND TIME OF LATEST TRANSACTION | |
| control field | 20231127105626.0 |
| 008 - FIXED-LENGTH DATA ELEMENTS--GENERAL INFORMATION | |
| fixed length control field | 231123s2017 bg a|||| m||| 00| 0 eng d |
| 035 ## - SYSTEM CONTROL NUMBER | |
| system control number | (BD-RjUL)82340 |
| 040 ## - CATALOGING SOURCE | |
| Original cataloging agency | BD-RjUL |
| Language of cataloging | eng |
| Transcribing agency | BD-RjUL |
| Modifying agency | BD-RjUL |
| 041 ## - LANGUAGE CODE | |
| Language code of Book | eng |
| 082 ## - DEWEY DECIMAL CLASSIFICATION NUMBER | |
| DDC Edition number | 23 |
| Classification number | 372.954924 |
| Author mark and Year | CHS 2017 |
| 100 ## - MAIN ENTRY--PERSONAL NAME | |
| Personal name | Chakroberty, Prodeep Kumar |
| 9 (RLIN) | 10163 |
| 245 10 - TITLE STATEMENT | |
| Title | Socio-Cultural problems of indigenous children at primary school level in Godagari Upazila, Bangladesh / |
| Statement of responsibility, etc | By Prodeep Kumar Chakroberty ; |
| Name of Supervisor/Co-Supervisor | Supervisor : Md. Emaj Uddin |
| 260 ## - PUBLICATION, DISTRIBUTION, ETC. (IMPRINT) | |
| Place of publication, distribution, etc | Rajshahi : |
| Name of publisher, distributor, etc | The Institute of Education and Research (IER), University of Rajshahi, |
| Date of publication, distribution, etc | 2017. |
| 300 ## - PHYSICAL DESCRIPTION | |
| Pagination | {1}, 69 leaves : |
| Other physical details | ill, ; |
| Dimensions | 30.cm. |
| 502 ## - DISSERTATION NOTE | |
| Dissertation note | Thesis (Ph. D.) -- The Institute of Education and Research (IER), University of Rajshahi, 2017 |
| 504 ## - BIBLIOGRAPHY, ETC. NOTE | |
| Bibliography, etc | Bibliography : 61 - 66 |
| 650 ## - SUBJECT ADDED ENTRY--TOPICAL TERM | |
| Topical term or geographic name as entry element | Primary education |
| Form subdivision | Indigenous |
| Geographic subdivision | Rajshahi |
| 9 (RLIN) | 10166 |
| 700 ## - ADDED ENTRY--SUPERVISOR/CO-SUPERVISOR NAME | |
| Personal name | Uddin, Md. Emaj, Supervisor |
| 9 (RLIN) | 10165 |
| 942 ## - ADDED ENTRY ELEMENTS (KOHA) | |
| Source of classification or shelving scheme | Dewey Decimal Classification |
| Koha item type | Theses |
| Source of classification or shelving scheme | Damaged status | Not for loan | Collection code | Permanent Location | Current Location | Shelving location | Date of accession | Source of acquisition | Full call number | Barcode | Date last seen | Copy number | Thesis |
|---|---|---|---|---|---|---|---|---|---|---|---|---|---|
| Dewey Decimal Classification | Not For Loan | Theses | Central Library, University of Rajshahi | Central Library, University of Rajshahi | Documentation Section | 11/05/2019 | Controller of Exam. R.U. | THE 372.954924 CHS 2017 | D4297 | 23/11/2023 | C-1 | Theses |